000 00803nas a2200253 4500
001 BR2013001562
003 BR-BrBNA
005 20231205121944.0
007 ta
008 230509b bl.|||p| |||| 00| 00por d
040 _aBR-BrBNA
_bpor
_cBiblioteca Nacional de Agricultura
041 _a(En)
072 _aM12
100 1 _aGimenes, M. de F.
100 1 _aTakeda, A.M.
100 1 _aBenedito, E.
245 1 _aThe role of sediment on the energy availability for fishes in the upper Paraná river floodplain
650 _aPEIXE
650 _aSEDIMENTAÇÃO
650 _aGERADOR DE ENERGIA
773 0 _tActa Scientiarum. Biological Sciences (Brazil)
_xISSN 1679-9283
_g(Oct-Dec 2012), v. 34(4) p. 391-398
_wBR2013001562
909 _a202311
_bLúcia
_c55
_dLúcia Elande
942 _2AGRIS
_n0
_cANA
999 _c226133
_d226133